000 00432nam a2200181Ia 4500
020 _a0393954048
020 _a0393954072
040 _cHLY
082 _a530 NOR 1985 A030 Or.
100 1 _aOhanian, Hans C.
245 1 0 _aPhysics /
250 _a1st ed.
260 _aNew York ;
_aLondon :
_bNorton,
_cc1985.
300 _a2 v. :
_bill. ;
_c29 cm.
500 _aAlso issued as one volume.
650 0 _aPhysics.
942 _cEK
999 _c11574
_d11574